| 000 | 00000nam##2200000za#4500 |
| 001 | 9.700423 |
| 003 | CaOODSP |
| 005 | 20210625000827 |
| 007 | cr ||||||||||| |
| 008 | 150407|1975||||xxc|||||o f|0| 0 eng|d |
| 040 | |aCaOODSP|beng |
| 043 | |an-cn--- |
| 086 | 1 |aA22-53/1975E-PDF |
| 110 | 1 |aCanada.|bAgriculture Canada. |bInformation Services. |
| 245 | 10|aPublications of the Canada Department of Agriculture 1867-1974 |h[electronic resource] |
| 250 | |a2nd rev. ed. |
| 260 | |aOttawa - Ontario : |bAgriculture Canada. |c1975. |
| 300 | |a354p. |
| 500 | |aIncorrect copyright date (1992) printed in this publication. |
| 500 | |aHistorical publication digitized by Agriculture and Agri-Food Canada. |
| 590 | |a15-03-Supp|b2015-03-13 |
| 690 | 07|aPlants|2gcpds |
| 690 | 07|aWild plants|2gcpds |
| 775 | 08|tPublications du Ministère de l'agriculture du Canada 1867-1974 |w(CaOODSP)9.644309 |
| 856 | 40|ahttp://publications.gc.ca|qPDF|s20,146 KB|uhttps://publications.gc.ca/collections/collection_2015/aac-aafc/A22-53-1975-eng.pdf |